[Event "GBR-ch Seniors 50 108th"]
[Site "Torquay"]
[Date "2022.08.09"]
[Round "2"]
[White "Kalerwa, Edwin M"]
[Black "Mueller, Jens1111"]
[Result "0-1"]
[WhiteElo "1653"]
[BlackElo "1879"]
[PlyCount "112"]
[EventDate "2022.08.08"]
[EventType "swiss"]
[EventRounds "7"]
[EventCountry "ENG"]
[SourceTitle "EXT 2024"]
[Source "ChessBase"]
[SourceDate "2023.10.10"]
[SourceVersion "1"]
[SourceVersionDate "2023.10.10"]
[SourceQuality "1"]

1. d4 g6 2. e4 Bg7 3. Bc4 d6 4. Ne2 Nf6 5. f3 0-0 6. Be3 c6 7. Bb3 b5 8. Nd2 Nbd7 9. 0-0 a5 10. a4 Nb6 11. c4 b4 12. Rc1 Bb7 13. Bc2 d5 14. e5 Ne8 15. Bd3 Ba6 16. b3 Rc8 17. f4 e6 18. g4 f5 19. Ng3 dxc4 20. Nxc4 Nd5 21. Bd2 c5 22. gxf5 gxf5 23. Qh5 Ne7 24. Ne2 Bb7 25. Kf2 cxd4 26. Rg1 Ng6 27. Rg3 Rf7 28. Rh3 Nf8 29. Rg1 Be4 30. Rhg3 Rc5 31. Nc1 Qc7 32. Be2 Qe7 33. Nd3 Rd5 34. Ne1 Qd8 35. Nf3 Bxf3 36. Bxf3 Rc5 37. Be2 Ng6 38. Rh3 Nf8 39. Bd3 Qe7 40. Ke2 Qd8 41. Be1 Rcc7 42. Nxa5 Rc3 43. Bxc3 Qxa5 44. Bxd4 Qd5 45. Ba1 Qxb3 46. Bxf5 Qa2+ 47. Kf3 exf5 48. e6 Qxe6 49. Rhg3 Qe4+ 50. Kf2 Ng6 51. Bxg7 Nxg7 52. Qg5 Rd7 53. Rf3 Rd2+ 54. Kg3 Qe2 55. Qh6 b3 56. a5 b2 0-1

[Event "London Classic op 8th"]
[Site "London"]
[Date "2016.12.12"]
[Round "5"]
[White "Kalerwa, Edwin M"]
[Black "Balaji, Aaravamudhan"]
[Result "1/2-1/2"]
[WhiteElo "1756"]
[BlackElo "1634"]
[PlyCount "76"]
[EventDate "2016.12.09"]
[EventType "swiss"]
[EventRounds "9"]
[EventCountry "ENG"]
[SourceTitle "CBM 176 Extra"]
[Source "ChessBase"]
[SourceDate "2017.03.02"]
[SourceVersion "1"]
[SourceVersionDate "2017.03.02"]
[SourceQuality "1"]

1. c4 Nf6 2. d4 g6 3. Nc3 Bg7 4. g3 0-0 5. Bg2 d6 6. Nf3 Nbd7 7. e4 e5 8. d5 h6 9. 0-0 Nc5 10. Ne1 a5 11. Be3 Nfd7 12. Qd2 Kh7 13. f4 f5 14. Qc2 Qe7 15. Nd3 Nxd3 16. Qxd3 Nf6 17. Rae1 Ng4 18. Bd2 Bd7 19. Re2 Rae8 20. Nb5 Bxb5 21. cxb5 h5 22. a4 b6 23. b4 axb4 24. Bxb4 exf4 25. gxf4 Qf6 26. e5 dxe5 27. Bxf8 Bxf8 28. Rc1 Bc5+ 29. Rxc5 bxc5 30. h3 e4 31. Qg3 h4 32. Qe1 Qd4+ 33. Kh1 Nh6 34. a5 Qxd5 35. Rd2 Qf7 36. Qxh4 e3 37. Re2 Qc4 38. Qe1 Qxb5 1/2-1/2

[Event "London Classic op 8th"]
[Site "London"]
[Date "2016.12.09"]
[Round "1"]
[White "Kalerwa, Edwin M"]
[Black "Thuesen, Mogens Henrik"]
[Result "0-1"]
[WhiteElo "1756"]
[BlackElo "2212"]
[PlyCount "98"]
[EventDate "2016.12.09"]
[EventType "swiss"]
[EventRounds "9"]
[EventCountry "ENG"]
[SourceTitle "CBM 176 Extra"]
[Source "ChessBase"]
[SourceDate "2017.03.02"]
[SourceVersion "1"]
[SourceVersionDate "2017.03.02"]
[SourceQuality "1"]

1. d4 f5 2. c4 Nf6 3. Nc3 g6 4. Bg5 Bg7 5. e3 d6 6. Bd3 Nbd7 7. Nge2 e5 8. f3 0-0 9. 0-0 c6 10. b4 h6 11. Bh4 Qe8 12. Rb1 g5 13. Bf2 e4 14. Bc2 Nb6 15. c5 Nc4 16. fxe4 fxe4 17. Bb3 Be6 18. h3 b5 19. a4 a6 20. Qc1 dxc5 21. bxc5 Na5 22. Bc2 Bc4 23. Rd1 Ra7 24. Bg3 Qh5 25. Qd2 Bxe2 26. Qxe2 Qxe2 27. Nxe2 Nd5 28. Bxe4 Nxe3 29. Rd3 Nf5 30. Bf2 Re7 31. Bf3 Nc4 32. Nc3 Rd8 33. axb5 axb5 34. Ne2 Rc7 35. Bg4 Ne7 36. Bg3 Be5 37. Be6+ Kg7 38. Rf3 Bxg3 39. Rxg3 Nd5 40. Bxd5 Rxd5 41. h4 Re7 42. hxg5 Rxe2 43. gxh6+ Kxh6 44. Rf1 Rg5 45. Rf6+ Kg7 46. Rgf3 Rgxg2+ 47. Kh1 Rh2+ 48. Kg1 Reg2+ 49. Kf1 Nd2+ 0-1

[Event "London Golders Green op U2200 5th"]
[Site "London"]
[Date "2015.01.18"]
[Round "4"]
[White "Barasi, Paul Dl"]
[Black "Kalerwa, Edwin M"]
[Result "1-0"]
[WhiteElo "1806"]
[BlackElo "1814"]
[PlyCount "33"]
[EventDate "2015.01.17"]
[EventType "swiss"]
[EventRounds "5"]
[EventCountry "ENG"]
[SourceTitle "EXT 2018"]
[Source "ChessBase"]
[SourceDate "2017.10.13"]
[SourceVersion "1"]
[SourceVersionDate "2017.10.13"]
[SourceQuality "1"]

1. d4 c5 2. d5 d6 3. e4 Nf6 4. Nc3 a6 5. a4 e5 6. Be2 Be7 7. Nf3 0-0 8. h3 Nbd7 9. Nd2 Ne8 10. Nc4 Kh8 11. Bd3 g5 12. Ne3 Ndf6 13. g4 Ng7 14. Nf5 Bxf5 15. exf5 Nd7 16. Qf3 Rc8 17. Qe2 1-0

[Event "London Classic op 6th"]
[Site "London"]
[Date "2014.12.09"]
[Round "2"]
[White "Jyothilal, Narayanan"]
[Black "Kalerwa, Edwin M"]
[Result "1-0"]
[WhiteElo "2031"]
[BlackElo "1840"]
[PlyCount "123"]
[EventDate "2014.12.08"]
[EventType "swiss"]
[EventRounds "9"]
[EventCountry "ENG"]
[SourceTitle "CBM 163 Extra"]
[Source "ChessBase"]
[SourceDate "2014.12.23"]
[SourceVersion "1"]
[SourceVersionDate "2014.12.23"]
[SourceQuality "1"]

1. d4 e6 2. Nf3 d5 3. c4 Nf6 4. g3 c5 5. Bg2 Nc6 6. 0-0 Be7 7. cxd5 exd5 8. Nc3 0-0 9. dxc5 Bxc5 10. Bg5 d4 11. Na4 Be7 12. Rc1 h6 13. Bxf6 Bxf6 14. Qd2 Re8 15. Nc5 Rb8 16. b3 Qb6 17. h3 Be7 18. Nd3 Ba3 19. Rc2 Bf5 20. Rc4 a5 21. Qf4 Bxd3 22. exd3 Rbd8 23. Re1 Bb2 24. Re4 Rxe4 25. Qxe4 Nb4 26. Qe2 Bc3 27. Nh4 Qb5 28. Be4 Re8 29. Qf3 Nc6 30. Bxc6 bxc6 31. Rxc6 Qb7 32. Re6 Qd7 33. Re4 g6 34. Kg2 Rc8 35. Re5 Kg7 36. Qe4 Qc6 37. Nf3 Qxe4 38. Rxe4 Ra8 39. Nxd4 Rd8 40. Ne2 Bb4 41. Rd4 Rc8 42. Rc4 Re8 43. Kf3 Be1 44. d4 Re6 45. Nf4 Rf6 46. Ke2 Bxf2 47. Kxf2 g5 48. Rc5 gxf4 49. g4 Rd6 50. Rc4 Kg6 51. Kf3 Re6 52. Kxf4 Rf6+ 53. Kg3 Rf1 54. Ra4 Rd1 55. Rxa5 Rxd4 56. Rf5 Rd2 57. a4 Rb2 58. Rb5 Kf6 59. a5 Ke6 60. b4 Kd7 61. a6 Kc6 62. Ra5 1-0

[Event "London Classic op 5th"]
[Site "London"]
[Date "2013.12.15"]
[Round "9"]
[White "Kalerwa, Edwin M"]
[Black "White, David J"]
[Result "1-0"]
[WhiteElo "1820"]
[BlackElo "1915"]
[PlyCount "93"]
[EventDate "2013.12.07"]
[EventType "swiss"]
[EventRounds "9"]
[EventCountry "ENG"]
[SourceTitle "CBM 157 Extra"]
[Source "ChessBase"]
[SourceDate "2013.12.19"]
[SourceVersion "1"]
[SourceVersionDate "2013.12.19"]
[SourceQuality "1"]

1. c4 e5 2. Nc3 Nc6 3. g3 g6 4. Bg2 Bg7 5. Nf3 f5 6. d3 d6 7. Qb3 Nf6 8. 0-0 0-0 9. Ng5 Nd4 10. Qd1 h6 11. Nf3 Nxf3+ 12. Bxf3 c6 13. Qb3 Qe7 14. a4 g5 15. a5 f4 16. Bg2 g4 17. a6 Nh5 18. Be4 Qf7 19. Bd2 f3 20. exf3 gxf3 21. Rfe1 Nf6 22. axb7 Bxb7 23. Bf5 Bc8 24. Bxc8 Raxc8 25. Ne4 Qd7 26. Nxf6+ Rxf6 27. Kh1 Qh3 28. Rg1 Rf7 29. g4 Rcf8 30. Rg3 Qh4 31. g5 h5 32. g6 Rd7 33. Be3 e4 34. Bg5 Qxg3 35. hxg3 exd3 36. Rb1 Be5 37. Qxd3 Rb7 38. b3 a5 39. Kh2 Kg7 40. Kh3 Rfb8 41. Bf4 a4 42. Bxe5+ dxe5 43. Qc3 Rxb3 44. Qxe5+ Kxg6 45. Rd1 a3 46. Rd6+ Kf7 47. Rd7+ 1-0

[Event "London Classic op 5th"]
[Site "London"]
[Date "2013.12.13"]
[Round "7"]
[White "Kalerwa, Edwin M"]
[Black "Seymour, Timothy P"]
[Result "0-1"]
[WhiteElo "1820"]
[BlackElo "2094"]
[PlyCount "88"]
[EventDate "2013.12.07"]
[EventType "swiss"]
[EventRounds "9"]
[EventCountry "ENG"]
[SourceTitle "CBM 157 Extra"]
[Source "ChessBase"]
[SourceDate "2013.12.19"]
[SourceVersion "1"]
[SourceVersionDate "2013.12.19"]
[SourceQuality "1"]

1. c4 e5 2. Nc3 Nc6 3. g3 Nf6 4. Bg2 Bc5 5. e3 d5 6. cxd5 Nb4 7. d4 exd4 8. exd4 Be7 9. a3 Nbxd5 10. Nge2 0-0 11. 0-0 Be6 12. Re1 c6 13. Nf4 Nxf4 14. Bxf4 Re8 15. Qd3 Nd5 16. Be4 h6 17. Bh7+ Kh8 18. Nxd5 Qxd5 19. Be4 Qd7 20. Qd2 Kg8 21. Rac1 Rad8 22. Rcd1 Bb3 23. Bc2 Bxc2 24. Qxc2 Bf6 25. Be5 Bxe5 26. dxe5 Rxe5 27. Rf1 Rd5 28. Rde1 Rd2 29. Qb3 b5 30. Qb4 Qd4 31. Qxd4 R8xd4 32. Re8+ Kh7 33. Re7 a5 34. Rxf7 Rxb2 35. Rc7 Rc2 36. Re1 h5 37. Re5 b4 38. Rxh5+ Kg6 39. Rxa5 b3 40. Rb7 b2 41. Kg2 Rd1 42. Raa7 b1Q 43. Rxb1 Rxb1 44. h4 Rb3 0-1

[Event "London Classic op 5th"]
[Site "London"]
[Date "2013.12.10"]
[Round "4"]
[White "Burke, John S"]
[Black "Kalerwa, Edwin M"]
[Result "1-0"]
[WhiteElo "2045"]
[BlackElo "1820"]
[PlyCount "83"]
[EventDate "2013.12.07"]
[EventType "swiss"]
[EventRounds "9"]
[EventCountry "ENG"]
[SourceTitle "CBM 157 Extra"]
[Source "ChessBase"]
[SourceDate "2013.12.19"]
[SourceVersion "1"]
[SourceVersionDate "2013.12.19"]
[SourceQuality "1"]

1. e4 c5 2. Nc3 Nc6 3. f4 d6 4. Nf3 a6 5. Be2 e6 6. 0-0 Nf6 7. d3 Be7 8. Qe1 b5 9. e5 Nd7 10. exd6 Bxd6 11. Be3 0-0 12. Qf2 Nb4 13. Rac1 Be7 14. d4 c4 15. Ne5 f6 16. Nxd7 Qxd7 17. f5 Bb7 18. a4 Nd5 19. Nxd5 Bxd5 20. axb5 axb5 21. fxe6 Bxe6 22. Bf3 Ra2 23. c3 Bd5 24. Rc2 Rb8 25. Qg3 Rb6 26. Re2 Bf8 27. Bf4 Bxf3 28. Qxf3 b4 29. Rfe1 bxc3 30. bxc3 Rbb2 31. Rxb2 Rxb2 32. Qe4 Rb3 33. Bd2 Rb2 34. Bc1 Rb3 35. Bd2 Rb2 36. Re2 f5 37. Qe5 Bd6 38. Qd5+ Kf8 39. Qxc4 Bxh2+ 40. Kxh2 Qd6+ 41. Kg1 Qg3 42. Qc8+ 1-0

[Event "Sunningdale e2e4 op U2000 07"]
[Site "Sunningdale"]
[Date "2013.07.07"]
[Round "4"]
[White "Kalerwa, Edwin M"]
[Black "Wang, Alyssa"]
[Result "1-0"]
[WhiteElo "1772"]
[BlackElo "1590"]
[PlyCount "59"]
[EventDate "2013.07.05"]
[EventType "swiss"]
[EventRounds "7"]
[EventCountry "ENG"]
[SourceTitle "EXT 2014"]
[Source "ChessBase"]
[SourceDate "2013.11.20"]
[SourceVersion "1"]
[SourceVersionDate "2013.11.20"]
[SourceQuality "1"]

1. e4 c6 2. d4 d5 3. e5 Bf5 4. Ne2 e6 5. Bd2 c5 6. c3 Nc6 7. Qa4 Qb6 8. b3 Bd3 9. dxc5 Bxc5 10. Qf4 Nge7 11. Qg3 Bc2 12. f4 Nf5 13. Qf3 Be4 14. Qh3 Bc2 15. Qf3 g5 16. Nc1 gxf4 17. Bxf4 d4 18. Bd3 Bxd3 19. Nxd3 Rd8 20. 0-0 dxc3+ 21. Nxc5 Qxc5+ 22. Kh1 Rg8 23. Nxc3 Nh4 24. Qh3 Qe7 25. Ne4 Kd7 26. Nf6+ Kc8 27. Qxh4 Rg7 28. Qh6 Rg6 29. Qxh7 Qc7 30. Rac1 1-0

[Event "London Classic op 4th"]
[Site "London"]
[Date "2012.12.08"]
[Round "8"]
[White "Marshall, Michael"]
[Black "Kalerwa, Edwin M"]
[Result "1-0"]
[WhiteElo "1898"]
[BlackElo "1783"]
[PlyCount "65"]
[EventDate "2012.12.01"]
[EventType "swiss"]
[EventRounds "9"]
[EventCountry "ENG"]
[SourceTitle "EXT 2014"]
[Source "ChessBase"]
[SourceDate "2013.11.20"]
[SourceVersion "1"]
[SourceVersionDate "2013.11.20"]
[SourceQuality "1"]

1. d4 d6 2. Nf3 g6 3. Nc3 Bg7 4. e4 Nf6 5. Be3 0-0 6. Qd2 Ng4 7. Bg5 h6 8. Bh4 Nc6 9. h3 Nf6 10. 0-0-0 a6 11. g4 Ne8 12. Qe3 b5 13. Bd3 Na5 14. Be2 Nc6 15. Bg3 Bd7 16. e5 Na5 17. d5 c5 18. e6 fxe6 19. dxe6 Bc6 20. Ne4 Nc4 21. Bxc4 bxc4 22. c3 Qb6 23. Rhe1 Rb8 24. Re2 Nc7 25. Nh4 Kh7 26. Nxd6 Rf6 27. Nxc4 Qb7 28. Na5 Qb6 29. Nxc6 Rxe6 30. Bxc7 Rxe3 31. Bxb6 Rxe2 32. Nxb8 Rxf2 33. Bxc5 1-0